00338nam a2200121 a 45000010005000000030005000050050017000100080041000270400020000681000029000882450079001172600020001963721CDMR20130116135248.0130130s1974||||||||||||||||||||||||||||d aCDMRbcatcCDMR1 aMoragas Spà, Miquel de10aVeintiuna horas en Radio Peninsular de Barcelona...cMiquel de Moragas Spa aBarcelonac1974